000 00307nam a22001337a 4500
008 250424b |||||||| |||| 00| 0 eng d
020 _a0688048382
050 _aHD9710
_b.H35
100 _aHALBERSTAM, David
245 _aThe Reckoning
260 _aU.S.A
_bHalberstam
_c1986
300 _a752p.
942 _cBK
999 _c3177
_d3177